[Event "Nordic School-chT"]
[Site "Pandrup"]
[Date "2010.09.11"]
[Round "2.3"]
[White "Vestergaard, Steven"]
[Black "Wiklund, Samuel"]
[Result "1/2-1/2"]
[WhiteElo "1594"]
[BlackElo "1507"]
[PlyCount "54"]
[EventDate "2010.09.10"]
[EventType "team-tourn"]
[EventRounds "5"]
[EventCountry "DEN"]
[SourceTitle "EXT 2018"]
[Source "ChessBase"]
[SourceDate "2017.10.13"]
[SourceVersion "1"]
[SourceVersionDate "2017.10.13"]
[SourceQuality "1"]
[WhiteTeam "Denmark II"]
[BlackTeam "Finland"]
[WhiteTeamCountry "DEN"]
[BlackTeamCountry "FIN"]

1. c4 Nf6 2. Nc3 g6 3. g3 c5 4. Bg2 Nc6 5. Nf3 e5 6. e4 d6 7. h3 Bg7 8. d3 0-0 9. 0-0 h6 10. Be3 Nd4 11. Nd5 Nxf3+ 12. Qxf3 Nxd5 13. cxd5 f5 14. Qd1 f4 15. Bd2 Qf6 16. Qf3 g5 17. g4 b5 18. b4 Bd7 19. Rfc1 Rac8 20. Bf1 Rc7 21. bxc5 dxc5 22. Ba5 Rfc8 23. Bc3 b4 24. Bb2 Ba4 25. a3 b3 26. Rc4 Bb5 27. Rc3 Ba4 1/2-1/2